Optical effects associated with small particles
Αποθηκεύτηκε σε:
| Άλλοι συγγραφείς: | , |
|---|---|
| Μορφή: | Βιβλίο |
| Γλώσσα: | English |
| Δημοσίευση: |
Singapore :
World Scientific,
c1988
|
| Σειρά: | Advanced series in applied physics ;
; 1 |
| Θέματα: | |
| Ετικέτες: |
Προσθήκη ετικέτας
Δεν υπάρχουν, Καταχωρήστε ετικέτα πρώτοι!
|
MARC
| LEADER | 00000nam a2200000 i 4500 | ||
|---|---|---|---|
| 001 | 1/25280 | ||
| 008 | 981208s1988 eng d | ||
| 020 | |a 9971-50-412-X | ||
| 035 | |l 10037296 | ||
| 040 | |a GR-MY-UA |b gre |e aacr | ||
| 041 | 0 | |a eng | |
| 082 | 0 | |a 535.3 | |
| 245 | 1 | 0 | |a Optical effects associated with small particles / |c Edited by P. W. Barber; R. K. Chang |
| 260 | |a Singapore : |b World Scientific, |c c1988 | ||
| 300 | |a 336 p. |b fig. | ||
| 490 | 1 | |a Advanced series in applied physics |v ; 1 | |
| 504 | |a Includes bibliographical references and index | ||
| 650 | 0 | 0 | |a Particles |x Optical properties. |
| 650 | 0 | 0 | |a Aerosols |x Optical properties. |
| 650 | 0 | 0 | |a Optical resonance. |
| 700 | 1 | |a Barber, P. W. |q (Peter W.) |4 edt | |
| 700 | 1 | |a Chang, Richard K. |q (Richard Kounai) |d 1940- |4 edt | |
| 830 | 0 | |a Advanced series in applied physics ; |v ; 1 | |
| 852 | |a INST |b LESVOS |e 19981208 |h 535.3 OPT |p 005100017674 |q 005100017674 |t BK |y 0 | ||
| 901 | |a BIBL-1999-1 | ||
| 909 | |a Λ |b 060228 | ||
| 922 | |a 1ΕΛΗ |b 199810 |c ΚΠΣ/ΤΠ |d ΠΑΠΑΣΩΤΗΡΙΟΥ | ||
| 950 | |a 107-1998-07-17 | ||